[Event "Ch-Paris Int"]
[Site "Coubertin FRA"]
[Date "2009.07.04"]
[Round "1"]
[White "Van Dongen, P."]
[Black "Shchekachev, A."]
[Result "1/2-1/2"]
[WhiteElo "2344"]
[BlackElo "2530"]
[PlyCount "57"]
[EventDate "2009.07.04"]
[EventType "swiss"]
[EventRounds "9"]
[EventCountry "FRA"]
[Source "Mark Crowther"]
[SourceDate "2009.07.13"]

1. d4 Nf6 2. c4 g6 3. Nc3 Bg7 4. e4 d6 5. Nf3 O-O 6. Be2 Nbd7 7. O-O e5 8. Be3
Re8 9. d5 Nh5 10. g3 Bf8 11. Ne1 Ng7 12. Nd3 f5 13. f3 Be7 14. Qd2 a5 15. b3 b6
16. a3 Nc5 17. Nxc5 bxc5 18. b4 f4 19. gxf4 exf4 20. Bxf4 Bh3 21. bxc5 Nh5 22.
Be3 Bxf1 23. Rxf1 Bf8 24. cxd6 cxd6 25. c5 dxc5 26. f4 Qh4 27. e5 Ng3 28. hxg3
Qxg3+ 29. Kh1 1/2-1/2

[Event "Ch-Paris Int"]
[Site "Coubertin FRA"]
[Date "2009.07.04"]
[Round "1"]
[White "Kazhgaleyev, M."]
[Black "Sorbe, S."]
[Result "1-0"]
[WhiteElo "2639"]
[BlackElo "2365"]
[PlyCount "97"]
[EventDate "2009.07.04"]
[EventType "swiss"]
[EventRounds "9"]
[EventCountry "FRA"]
[Source "Mark Crowther"]
[SourceDate "2009.07.13"]

1. d4 d5 2. c4 c6 3. Nc3 dxc4 4. e3 b5 5. a4 b4 6. Ne4 Qd5 7. Ng3 Nf6 8. Be2 e6
9. e4 Qa5 10. Bxc4 Ba6 11. b3 Be7 12. Nf3 Nbd7 13. O-O O-O 14. Qe2 Bb7 15. e5
Nd5 16. Ng5 h6 17. N5e4 f5 18. exf6 N7xf6 19. Nd6 Bxd6 20. Qxe6+ Kh8 21. Qxd6
Rad8 22. Qe6 Rde8 23. Qf5 Ba6 24. Qd3 Bxc4 25. Qxc4 Qb6 26. Qd3 Nc3 27. Bd2
Nfd5 28. Rae1 Rd8 29. Nf5 Qc7 30. Nh4 Rf6 31. Ng6+ Kg8 32. Ne5 Qd6 33. Qc4 Kh8
34. h4 Kg8 35. a5 Qe6 36. h5 Qe8 37. Ng4 Re6 38. Rxe6 Qxe6 39. Ne5 Rc8 40. Re1
Qf6 41. Re3 Qf5 42. Bxc3 bxc3 43. Rxc3 Qxh5 44. Rc1 Kh8 45. g3 Qf5 46. Qe2 Rb8
47. g4 Nf4 48. Qe3 Qf8 49. Qxf4 1-0

[Event "Ch-Paris Int"]
[Site "Coubertin FRA"]
[Date "2009.07.04"]
[Round "1"]
[White "Rathnakaran, K."]
[Black "Fayard, A."]
[Result "1/2-1/2"]
[WhiteElo "2428"]
[BlackElo "2279"]
[PlyCount "212"]
[EventDate "2009.07.04"]
[EventType "swiss"]
[EventRounds "9"]
[EventCountry "FRA"]
[Source "Mark Crowther"]
[SourceDate "2009.07.13"]

1. e4 e5 2. Nf3 Nf6 3. d3 Nc6 4. Be2 d5 5. Nbd2 Bc5 6. O-O O-O 7. c3 a6 8. b4
Ba7 9. a3 h6 10. Bb2 Re8 11. Qc2 Bg4 12. h3 Bh5 13. Rae1 Bg6 14. g3 Qd7 15. Kh2
Rad8 16. Rd1 Qe7 17. exd5 Nxd5 18. c4 Nf6 19. c5 Qe6 20. Ne4 Nd5 21. Rfe1 f5
22. Nc3 Bf7 23. Nxd5 Qxd5 24. d4 e4 25. Ne5 Nxe5 26. dxe5 Qb3 27. Qc1 c6 28.
Rd6 Bb8 29. Red1 Bxd6 30. exd6 Rd7 31. Rd4 Qe6 32. a4 Qg6 33. b5 axb5 34. axb5
Ra8 35. Qc3 Be6 36. Rb4 Bd5 37. Rd4 Rf8 38. bxc6 Bxc6 39. Rd1 f4 40. g4 Re8 41.
h4 Kh8 42. Rg1 f3 43. Bf1 e3 44. g5 exf2 45. Rg3 h5 46. Qd2 Re1 47. Qxf2 Qe4
48. g6 Qxh4+ 49. Kg1 Qe4 50. Bc3 Rd1 51. Rg5 Rd5 52. Rg3 Qf4 53. Qe1 f2+ 54.
Qxf2 Qxf2+ 55. Kxf2 Rxc5 56. Bb4 Rf5+ 57. Kg1 Rf4 58. Ba5 Rxd6 59. Bc7 Rxf1+
60. Kxf1 Rf6+ 61. Ke2 Be4 62. Ke3 Bxg6 63. Be5 Ra6 64. Rg1 b5 65. Kd4 Rc6 66.
Kd5 Ra6 67. Kc5 Kh7 68. Kxb5 Re6 69. Bc3 Be8+ 70. Kc5 g6 71. Bd2 Re2 72. Bg5
Bd7 73. Kd6 Bg4 74. Ra1 Re6+ 75. Kd5 Re8 76. Ra7+ Kg8 77. Re7 Ra8 78. Ke5 Ra5+
79. Kf6 Ra6+ 80. Ke5 Bf5 81. Rb7 Re6+ 82. Kd5 Re8 83. Ra7 Be6+ 84. Kd6 Bf7 85.
Re7 Ra8 86. Rc7 Kg7 87. Rc5 Ra6+ 88. Rc6 Ra1 89. Rc5 Rg1 90. Re5 Rf1 91. Ra5
Rd1+ 92. Ke5 Re1+ 93. Kf4 Rg1 94. Kf3 Rg4 95. Bf4 Kf6 96. Be5+ Ke6 97. Bf4 Be8
98. Rg5 Bc6+ 99. Ke3 Rxg5 100. Bxg5 Kf5 101. Bd8 Kg4 102. Kf2 g5 103. Be7 h4
104. Bd8 Kh5 105. Be7 g4 106. Bd6 Bd7 1/2-1/2

[Event "Ch-Paris Int"]
[Site "Coubertin FRA"]
[Date "2009.07.04"]
[Round "1"]
[White "Payen, Ar"]
[Black "Fedorchuk, S."]
[Result "1-0"]
[WhiteElo "2368"]
[BlackElo "2655"]
[PlyCount "84"]
[EventDate "2009.07.04"]
[EventType "swiss"]
[EventRounds "9"]
[EventCountry "FRA"]
[Source "Mark Crowther"]
[SourceDate "2009.07.13"]

1. d4 Nf6 2. Nf3 e6 3. e3 b6 4. Bd3 Bb7 5. O-O c5 6. c4 g6 7. d5 exd5 8. cxd5
Bg7 9. e4 O-O 10. Nc3 d6 11. h3 Na6 12. Bf4 Nc7 13. Nd2 Nfe8 14. Qb3 Rb8 15. a4
a6 16. Qa2 Bc8 17. Rac1 b5 18. axb5 axb5 19. Be3 c4 20. Be2 f5 21. Qa5 fxe4 22.
Ndxe4 Bf5 23. Ng3 Bd7 24. Qa2 Kh8 25. Rfd1 Ra8 26. Qb1 Na6 27. Nce4 Nb4 28. Nc3
Qa5 29. Qe4 Nf6 30. Qh4 Qc7 31. b3 Rac8 32. bxc4 bxc4 33. Nce4 Nfxd5 34. Ng5 h6
35. Bd4 Kg8 36. Bxg7 Kxg7 37. Qd4+ Nf6 38. Rxc4 Qa5 39. Rxb4 Qxg5 40. Rb7 Rf7
41. Ne4 Qe5 42. Qxe5 Kg8 1-0

[Event "Ch-Paris Int"]
[Site "Coubertin FRA"]
[Date "2009.07.04"]
[Round "1"]
[White "Alsina Leal, D."]
[Black "Gomes, Mary"]
[Result "1-0"]
[WhiteElo "2529"]
[BlackElo "2332"]
[PlyCount "127"]
[EventDate "2009.07.04"]
[EventType "swiss"]
[EventRounds "9"]
[EventCountry "FRA"]
[Source "Mark Crowther"]
[SourceDate "2009.07.13"]

1. e4 c5 2. Nf3 d6 3. d4 cxd4 4. Nxd4 Nf6 5. Nc3 a6 6. Be3 e5 7. Nb3 Be6 8. f3
Nbd7 9. g4 b5 10. g5 b4 11. Ne2 Nh5 12. Qd2 a5 13. Ng3 Nxg3 14. hxg3 a4 15. Nc1
Qa5 16. f4 g6 17. Bg2 Bg7 18. f5 gxf5 19. exf5 Bxf5 20. Bxa8 Qxa8 21. O-O Bh3
22. Rf2 d5 23. Qxb4 d4 24. Bxd4 exd4 25. Nd3 Qb8 26. Re1+ Be6 27. Qxb8+ Nxb8
28. Nf4 Ke7 29. Rfe2 Nc6 30. Nxe6 fxe6 31. Rxe6+ Kd7 32. R6e4 Kd6 33. Re8 Ne5
34. Rxh8 Bxh8 35. Kg2 Nf7 36. Re4 Nxg5 37. Re8 Be5 38. Ra8 Ne4 39. Rxa4 Nxg3
40. Ra6+ Kd7 41. Ra5 Bd6 42. Rd5 Ne2 43. Kf3 Ng1+ 44. Kg4 Ne2 45. Rh5 Nf4 46.
Rxh7+ Kc6 47. Kf3 Nd5 48. Rh4 Bc5 49. a3 Bb6 50. Ke4 Ne3 51. Kd3 Nd1 52. b3 Ne3
53. Rh6+ Kc7 54. b4 Nf5 55. Rf6 Nd6 56. a4 Kc6 57. Rh6 Ba7 58. Rh7 Nc8 59. b5+
Kb6 60. a5+ Kxa5 61. Rc7 Kxb5 62. Rxc8 Bb6 63. Rb8 Kc6 64. Rxb6+ 1-0

[Event "Ch-Paris Int"]
[Site "Coubertin FRA"]
[Date "2009.07.04"]
[Round "1"]
[White "Mohota, N."]
[Black "Sriram, J."]
[Result "0-1"]
[WhiteElo "2315"]
[BlackElo "2459"]
[PlyCount "114"]
[EventDate "2009.07.04"]
[EventType "swiss"]
[EventRounds "9"]
[EventCountry "FRA"]
[Source "Mark Crowther"]
[SourceDate "2009.07.13"]

1. d4 d5 2. c4 c6 3. Nc3 Nf6 4. e3 a6 5. Nf3 e6 6. b3 Bb4 7. Bd2 Bd6 8. Bd3
Nbd7 9. e4 dxc4 10. bxc4 e5 11. d5 Nc5 12. Bc2 cxd5 13. cxd5 Bg4 14. h3 Bh5 15.
O-O Nfd7 16. a4 O-O 17. a5 Rc8 18. g4 Bg6 19. Qb1 Qe7 20. Ne2 Rc7 21. Ng3 Rfc8
22. Bg5 Qf8 23. Nh4 Rb8 24. Nhf5 b5 25. Qd1 Nb7 26. Bd2 Bc5 27. h4 Bxf5 28.
exf5 Nd6 29. g5 Rbc8 30. Ra2 Nc4 31. f6 g6 32. h5 Bd4 33. Ne4 Nb2 34. Rxb2 Bxb2
35. Bb1 Qa3 36. hxg6 fxg6 37. d6 Rc4 38. Be3 Bd4 39. Bxd4 Rxd4 40. Qg4 Qxd6 41.
Ba2+ Kh8 42. Nxd6 Rxg4+ 43. Kh2 Rf8 44. Be6 Rd4 45. Nf7+ Rxf7 46. Bxf7 Rh4+ 47.
Kg3 Rh5 48. Rc1 Rxg5+ 49. Kh4 Rh5+ 50. Kg3 Nxf6 51. f3 Rf5 52. Be6 Nh5+ 53. Kf2
Rf6 54. Rc8+ Kg7 55. Rc7+ Kh6 56. Bd5 Rd6 57. Be4 Rd2+ 0-1

[Event "Ch-Paris Int"]
[Site "Coubertin FRA"]
[Date "2009.07.04"]
[Round "1"]
[White "Debray, C."]
[Black "Deepan, C."]
[Result "0-1"]
[WhiteElo "2328"]
[BlackElo "2506"]
[PlyCount "72"]
[EventDate "2009.07.04"]
[EventType "swiss"]
[EventRounds "9"]
[EventCountry "FRA"]
[Source "Mark Crowther"]
[SourceDate "2009.07.13"]

1. d4 e6 2. c4 b6 3. Nc3 Bb7 4. Nf3 Nf6 5. g3 Bb4 6. Bg2 O-O 7. O-O Bxc3 8.
bxc3 d6 9. Nd2 Bxg2 10. Kxg2 c5 11. e4 Nc6 12. d5 Na5 13. Qa4 Qe8 14. Qxe8
Rfxe8 15. f3 Nd7 16. f4 Re7 17. Bb2 Rae8 18. e5 exd5 19. cxd5 dxe5 20. c4 e4
21. Bc3 Nb7 22. Rfe1 e3 23. Nf3 Nd6 24. Be5 Nxc4 25. Bc7 Nf6 26. d6 Rd7 27.
Rad1 e2 28. Rd3 Ne3+ 29. Rxe3 Rxe3 30. Ne5 Rxe5 31. fxe5 Ne8 32. Rxe2 Nxc7 33.
dxc7 Rxc7 34. Kf3 Kf8 35. Ke4 Ke7 36. Kd5 c4 0-1

[Event "Ch-Paris Int"]
[Site "Coubertin FRA"]
[Date "2009.07.04"]
[Round "1"]
[White "Strugnell, C."]
[Black "Roser, K."]
[Result "1-0"]
[WhiteElo "2280"]
[BlackElo "2431"]
[PlyCount "77"]
[EventDate "2009.07.04"]
[EventType "swiss"]
[EventRounds "9"]
[EventCountry "FRA"]
[Source "Mark Crowther"]
[SourceDate "2009.07.13"]

1. e4 c5 2. Nf3 Nc6 3. d4 cxd4 4. Nxd4 Nf6 5. Nc3 d6 6. Bg5 Qb6 7. Nb3 e6 8.
Bf4 Ne5 9. Be3 Qc7 10. f4 Nc6 11. g4 a6 12. g5 Nd7 13. Qd2 b5 14. O-O-O Bb7 15.
Bd3 Na5 16. Kb1 Nc4 17. Bxc4 Qxc4 18. Na5 Qc7 19. Nxb7 Qxb7 20. Qd3 b4 21. Na4
Be7 22. h4 O-O 23. e5 d5 24. b3 Rac8 25. h5 Bc5 26. Bc1 Nb6 27. Nxb6 Bxb6 28.
Bb2 Rfd8 29. g6 fxg6 30. hxg6 h6 31. f5 exf5 32. Qxf5 Qe7 33. e6 d4 34. Rhe1
Rd6 35. Re4 Rf8 36. Qf7+ Rxf7 37. exf7+ Kf8 38. Rxe7 Kxe7 39. Re1+ 1-0

[Event "Ch-Paris Int"]
[Site "Coubertin FRA"]
[Date "2009.07.04"]
[Round "1"]
[White "David, Alb"]
[Black "Bernard, Ch"]
[Result "1-0"]
[WhiteElo "2565"]
[BlackElo "2361"]
[PlyCount "75"]
[EventDate "2009.07.04"]
[EventType "swiss"]
[EventRounds "9"]
[EventCountry "FRA"]
[Source "Mark Crowther"]
[SourceDate "2009.07.13"]

1. d4 Nf6 2. c4 g6 3. Nc3 d5 4. Bg5 Ne4 5. Bh4 Nxc3 6. bxc3 dxc4 7. e3 Be6 8.
Be2 Bg7 9. Nf3 O-O 10. O-O Nd7 11. Ng5 Bd5 12. e4 h6 13. exd5 hxg5 14. Bxg5 Nb6
15. Re1 Re8 16. Qc1 Qxd5 17. Bf3 Qd7 18. Bxb7 Rab8 19. Bf3 e5 20. dxe5 Bxe5 21.
h4 Na4 22. Qc2 Rb2 23. Qd1 Qb5 24. Qd5 Qxd5 25. Bxd5 Nb6 26. Bf3 Re6 27. Bg4
Bxc3 28. Bxe6 Bxe1 29. Rxe1 fxe6 30. Rxe6 Nd5 31. Rxg6+ Kf7 32. Rc6 c3 33. h5
Rxa2 34. f4 Rb2 35. f5 Rb6 36. Rc5 c6 37. h6 Nf6 38. Rxc3 1-0

[Event "Ch-Paris Int"]
[Site "Coubertin FRA"]
[Date "2009.07.04"]
[Round "1"]
[White "Moussard, J."]
[Black "Skripchenko, A."]
[Result "1-0"]
[WhiteElo "2292"]
[BlackElo "2450"]
[PlyCount "45"]
[EventDate "2009.07.04"]
[EventType "swiss"]
[EventRounds "9"]
[EventCountry "FRA"]
[Source "Mark Crowther"]
[SourceDate "2009.07.13"]

1. g3 e5 2. Bg2 Nc6 3. c4 f5 4. Nc3 Nf6 5. d3 Bb4 6. Bd2 O-O 7. Nd5 Bxd2+ 8.
Qxd2 d6 9. e3 Ne7 10. Ne2 Ne8 11. O-O c6 12. Nxe7+ Qxe7 13. b4 Nf6 14. b5 c5
15. Nc3 Be6 16. f4 Rad8 17. Rae1 e4 18. dxe4 Bxc4 19. exf5 d5 20. Rf2 Ne4 21.
Nxe4 dxe4 22. Qc3 Bxb5 23. Qb3+ 1-0

[Event "Ch-Paris Int"]
[Site "Coubertin FRA"]
[Date "2009.07.05"]
[Round "2"]
[White "Shchekachev, A."]
[Black "Mayaud, R."]
[Result "1-0"]
[WhiteElo "2530"]
[BlackElo "2230"]
[PlyCount "65"]
[EventDate "2009.07.04"]
[EventType "swiss"]
[EventRounds "9"]
[EventCountry "FRA"]
[Source "Mark Crowther"]
[SourceDate "2009.07.13"]

1. Nf3 d5 2. d4 Nc6 3. c4 Bg4 4. Nc3 e6 5. Bf4 Bxf3 6. gxf3 dxc4 7. e3 Bd6 8.
Bg3 h5 9. Bxc4 h4 10. Bxd6 Qxd6 11. f4 Nge7 12. a3 Nf5 13. Qa4 O-O 14. Ne4 Qe7
15. Bd3 Rad8 16. Qd1 g6 17. Rc1 Kg7 18. O-O Nb8 19. Qa4 a6 20. Qb3 b6 21. Qc3
Rd7 22. d5+ f6 23. dxe6 Qxe6 24. Ng5 Qe7 25. Nf3 Qe6 26. h3 Rfd8 27. Bb1 c5 28.
Kh2 Nc6 29. Ng5 Qe7 30. Rg1 Kh6 31. Nf3 Qe6 32. Bxf5 Rd3 33. Qc2 1-0

[Event "Ch-Paris Int"]
[Site "Coubertin FRA"]
[Date "2009.07.05"]
[Round "2"]
[White "Moussard, J."]
[Black "Govciyan, P."]
[Result "0-1"]
[WhiteElo "2292"]
[BlackElo "2438"]
[PlyCount "100"]
[EventDate "2009.07.04"]
[EventType "swiss"]
[EventRounds "9"]
[EventCountry "FRA"]
[Source "Mark Crowther"]
[SourceDate "2009.07.13"]

1. g3 d5 2. Bg2 Nf6 3. Nf3 Bf5 4. d3 e6 5. O-O Be7 6. Nbd2 O-O 7. Qe1 h6 8. e4
Bh7 9. Qe2 c5 10. e5 Nfd7 11. Re1 Nc6 12. Nf1 Qc7 13. h4 Nd4 14. Nxd4 cxd4 15.
Bf4 Rac8 16. Rac1 Qb6 17. Rb1 Qa6 18. Nh2 Qa4 19. Rec1 Rc6 20. Nf3 Rfc8 21. b3
Qb4 22. a3 Qb6 23. b4 Rc3 24. Rb3 Bf5 25. Qd2 Nf8 26. Kh2 Bg4 27. Ne1 Qc6 28.
Bf3 Bf5 29. h5 Qa4 30. Bd1 Bd8 31. g4 Bh7 32. Nf3 Bb6 33. Kg3 R8c6 34. Ng1 Rxb3
35. cxb3 Qxa3 36. Rxc6 bxc6 37. Nf3 Qa1 38. Bc2 Qc3 39. g5 hxg5 40. Nxg5 Bf5
41. Nf3 Nd7 42. h6 Qxd2 43. Bxd2 f6 44. exf6 gxf6 45. Nh4 Bh7 46. f4 Bc7 47.
Kf3 Kf7 48. Be1 Bd6 49. Bf2 e5 50. f5 Bf8 0-1

[Event "Ch-Paris Int"]
[Site "Coubertin FRA"]
[Date "2009.07.05"]
[Round "2"]
[White "Shirazi, K."]
[Black "Alsina Leal, D."]
[Result "1/2-1/2"]
[WhiteElo "2384"]
[BlackElo "2529"]
[PlyCount "146"]
[EventDate "2009.07.04"]
[EventType "swiss"]
[EventRounds "9"]
[EventCountry "FRA"]
[Source "Mark Crowther"]
[SourceDate "2009.07.13"]

1. e4 c5 2. Nf3 d6 3. g3 Nc6 4. Bg2 g6 5. O-O Bg7 6. Re1 e5 7. c3 Nge7 8. Na3
O-O 9. d4 cxd4 10. cxd4 Nxd4 11. Nxd4 exd4 12. Nc2 Qb6 13. b3 Be6 14. Qd2 Rac8
15. Bb2 Nc6 16. Rad1 d3 17. Ne3 Bxb2 18. Qxb2 Nb4 19. Rd2 Qa5 20. Red1 Qe5 21.
Qxe5 dxe5 22. Bf1 Rfd8 23. Bxd3 Nxa2 24. Bc4 Rxd2 25. Rxd2 Bxc4 26. Nxc4 Nc1
27. Rd7 Nxb3 28. Rxb7 Rxc4 29. Rxb3 Rxe4 30. Ra3 g5 31. Rxa7 h5 32. Ra5 f6 33.
Ra7 Rd4 34. Kg2 Rd3 35. Re7 Ra3 36. Rb7 Ra2 37. h3 Ra4 38. Re7 Rd4 39. Rb7 h4
40. g4 Kf8 41. Ra7 Ke8 42. Rb7 Rd7 43. Rb2 Ke7 44. Ra2 Ke6 45. Ra6+ Rd6 46. Ra4
Rc6 47. Rb4 Kd5 48. Rb5+ Kc4 49. Ra5 e4 50. Rf5 Kd4 51. Kg1 Kd3 52. Kg2 Ra6 53.
Rd5+ Kc4 54. Rd8 Kc5 55. Rd2 Rd6 56. Ra2 Kd4 57. Rb2 Ra6 58. Rb4+ Kd5 59. Rb5+
Kc4 60. Rf5 Kd4 61. Kg1 Kd3 62. Rd5+ Ke2 63. Kg2 Ra2 64. Rd4 e3 65. Re4 Ra3 66.
Re6 Ke1 67. fxe3 Ra2+ 68. Kg1 Rf2 69. e4 Ke2 70. e5 f5 71. Ra6 Rf1+ 72. Kg2
Rf2+ 73. Kg1 Ke3 1/2-1/2

[Event "Ch-Paris Int"]
[Site "Coubertin FRA"]
[Date "2009.07.05"]
[Round "2"]
[White "Suarez Pousa, D."]
[Black "Kazhgaleyev, M."]
[Result "0-1"]
[WhiteElo "2412"]
[BlackElo "2639"]
[PlyCount "90"]
[EventDate "2009.07.04"]
[EventType "swiss"]
[EventRounds "9"]
[EventCountry "FRA"]
[Source "Mark Crowther"]
[SourceDate "2009.07.13"]

1. e4 e5 2. Nf3 Nc6 3. Bb5 a6 4. Ba4 Nf6 5. d3 d6 6. c3 g6 7. Nbd2 Bg7 8. Nf1
O-O 9. Ng3 b5 10. Bb3 Na5 11. Bc2 c5 12. O-O Qc7 13. Re1 Bb7 14. Bd2 d5 15. b3
Rad8 16. a4 c4 17. axb5 cxd3 18. Bb1 Nxe4 19. Nxe4 dxe4 20. bxa6 exf3 21. axb7
fxg2 22. b8=Q Rxb8 23. b4 Nc4 24. Bxd3 Nxd2 25. Qxd2 f5 26. Ra5 Kh8 27. Rc5 Qd6
28. Rd1 Rfc8 29. Bc4 Qxd2 30. Rxd2 Bf8 31. Rxc8 Rxc8 32. Bd5 Rxc3 33. Rb2 e4
34. Kxg2 Rd3 35. Bc6 Bg7 36. Rc2 Bd4 37. Bd5 Bb6 38. Bc4 Rd1 39. Ba2 Kg7 40. b5
f4 41. Bb3 Re1 42. Rc6 Bd4 43. Rc7+ Kh6 44. Bg8 Kg5 45. Bxh7 Kh4 0-1

[Event "Ch-Paris Int"]
[Site "Coubertin FRA"]
[Date "2009.07.05"]
[Round "2"]
[White "Li, F."]
[Black "Rathnakaran, K."]
[Result "1-0"]
[WhiteElo "2252"]
[BlackElo "2428"]
[PlyCount "77"]
[EventDate "2009.07.04"]
[EventType "swiss"]
[EventRounds "9"]
[EventCountry "FRA"]
[Source "Mark Crowther"]
[SourceDate "2009.07.13"]

1. c4 Nf6 2. Nf3 g6 3. Nc3 Bg7 4. e4 d6 5. d4 O-O 6. Be2 Nbd7 7. O-O e5 8. Be3
exd4 9. Nxd4 Re8 10. f3 c6 11. Qd2 Qe7 12. Nc2 Nb6 13. Rad1 Be6 14. b3 Rad8 15.
Bf2 d5 16. exd5 cxd5 17. c5 Nbd7 18. b4 b6 19. Nd4 Rc8 20. Ba6 bxc5 21. Nxe6
fxe6 22. Bxc8 Rxc8 23. bxc5 Nxc5 24. Rfe1 Qf8 25. Nb5 a6 26. Nd4 e5 27. Nb3
Ncd7 28. Rc1 Re8 29. Rc6 Nb8 30. Rc7 d4 31. Qa5 Qd6 32. Qc5 Bf8 33. Qc4+ Kh8
34. Qf7 h6 35. Bxd4 Nbd7 36. Rxd7 Nxd7 37. Qxe8 exd4 38. Re6 Qd5 39. Re7 1-0

[Event "Ch-Paris Int"]
[Site "Coubertin FRA"]
[Date "2009.07.05"]
[Round "2"]
[White "Deepan, C."]
[Black "Payen, Ar"]
[Result "1-0"]
[WhiteElo "2506"]
[BlackElo "2368"]
[PlyCount "81"]
[EventDate "2009.07.04"]
[EventType "swiss"]
[EventRounds "9"]
[EventCountry "FRA"]
[Source "Mark Crowther"]
[SourceDate "2009.07.13"]

1. d4 e6 2. e4 d5 3. Nd2 dxe4 4. Nxe4 Bd7 5. Nf3 Bc6 6. Bd3 Bxe4 7. Bxe4 c6 8.
O-O Nf6 9. Bd3 g6 10. b3 Bg7 11. Bb2 O-O 12. c4 Nbd7 13. Re1 Qb6 14. Qc2 Rfe8
15. Rad1 a5 16. Bc3 Qc7 17. Qb2 a4 18. b4 a3 19. Qb3 Rec8 20. Rc1 b6 21. Bd2
Qb7 22. Bf1 Rd8 23. Rc2 b5 24. Ne5 Nxe5 25. dxe5 Nd7 26. cxb5 cxb5 27. f4 Bf8
28. Kh1 Ra4 29. Qd3 Raa8 30. Qxb5 Qxb5 31. Bxb5 Rab8 32. Bc6 Bxb4 33. Bxb4 Rxb4
34. Rd2 Rxf4 35. Kg1 Rc4 36. Bxd7 Rc7 37. Red1 Rc5 38. Ba4 Rxd2 39. Rxd2 Rxe5
40. Rd8+ Kg7 41. Ra8 1-0

[Event "Ch-Paris Int"]
[Site "Coubertin FRA"]
[Date "2009.07.05"]
[Round "2"]
[White "Salaun, Y."]
[Black "Sethuraman, S."]
[Result "0-1"]
[WhiteElo "2329"]
[BlackElo "2455"]
[PlyCount "70"]
[EventDate "2009.07.04"]
[EventType "swiss"]
[EventRounds "9"]
[EventCountry "FRA"]
[Source "Mark Crowther"]
[SourceDate "2009.07.13"]

1. d4 Nf6 2. c4 e6 3. Nc3 Bb4 4. e3 O-O 5. Bd3 d5 6. Nge2 dxc4 7. Bxc4 e5 8.
O-O Nc6 9. a3 Bd6 10. d5 Ne7 11. Nb5 Bc5 12. b4 Bb6 13. d6 Nf5 14. dxc7 Qe7 15.
Ng3 Nxg3 16. hxg3 Bxc7 17. Nxc7 Qxc7 18. Qb3 b5 19. Bxb5 Be6 20. Qb1 Bd5 21.
Bd3 Qb7 22. Re1 Bxg2 23. e4 Bf3 24. Re3 Bg4 25. Ra2 Rfd8 26. f3 Be6 27. Rh2
Rac8 28. Kh1 Bc4 29. Bb2 Qb6 30. Rhe2 Nh5 31. Kg2 Nf4+ 32. gxf4 exf4 33. Bxc4
fxe3 34. Bd5 Qg6+ 35. Kh1 Rxd5 0-1

[Event "Ch-Paris Int"]
[Site "Coubertin FRA"]
[Date "2009.07.05"]
[Round "2"]
[White "Karavade, E."]
[Black "Zherebukh, Y."]
[Result "1-0"]
[WhiteElo "2386"]
[BlackElo "2541"]
[PlyCount "51"]
[EventDate "2009.07.04"]
[EventType "swiss"]
[EventRounds "9"]
[EventCountry "FRA"]
[Source "Mark Crowther"]
[SourceDate "2009.07.13"]

1. d4 Nf6 2. c4 e6 3. Nf3 b6 4. g3 Bb7 5. Bg2 Bb4+ 6. Bd2 c5 7. O-O O-O 8. Bxb4
cxb4 9. Nbd2 a5 10. Re1 d6 11. e4 Nfd7 12. Qe2 Nc6 13. Rad1 e5 14. Nf1 Qc7 15.
Ne3 Ne7 16. Nd5 Nxd5 17. cxd5 Ba6 18. Qe3 exd4 19. Nxd4 Nc5 20. e5 dxe5 21. d6
Qd7 22. Bxa8 exd4 23. Qxd4 Rxa8 24. Re7 Qc6 25. d7 Rd8 26. Qd5 1-0

[Event "Ch-Paris Int"]
[Site "Coubertin FRA"]
[Date "2009.07.05"]
[Round "2"]
[White "Brochet, P."]
[Black "Vernay, C."]
[Result "1-0"]
[WhiteElo "2373"]
[BlackElo "2463"]
[PlyCount "68"]
[EventDate "2009.07.04"]
[EventType "swiss"]
[EventRounds "9"]
[EventCountry "FRA"]
[Source "Mark Crowther"]
[SourceDate "2009.07.13"]

1. e4 e6 2. d4 d5 3. Nd2 Nf6 4. e5 Nfd7 5. Ngf3 c5 6. c4 Nb6 7. Bd3 Nc6 8. cxd5
Qxd5 9. Be4 Qd7 10. dxc5 Bxc5 11. O-O Be7 12. Qe2 Qc7 13. Nc4 Nd4 14. Nxd4 Qxc4
15. Qg4 g5 16. Be3 h5 17. Qd1 Nd5 18. Rc1 Qxa2 19. Bxd5 Qxd5 20. Qe2 Bd7 21.
Rfd1 Qxe5 22. Nf3 Qb5 23. Qd2 Bc6 24. Qc3 Rg8 25. Nd4 Qb4 26. Qd3 Bd5 27. Qh7
Rf8 28. Nf5 Kd7 29. Rd4 Qxb2 30. Nxe7 Kxe7 31. Bxg5+ Ke8 32. Rxd5 exd5 33. Re1+
Kd7 34. Qf5+ Kc6 1-0

[Event "Ch-Paris Int"]
[Site "Coubertin FRA"]
[Date "2009.07.05"]
[Round "2"]
[White "Sriram, J."]
[Black "Aranovitch, E."]
[Result "1/2-1/2"]
[WhiteElo "2459"]
[BlackElo "2356"]
[PlyCount "63"]
[EventDate "2009.07.04"]
[EventType "swiss"]
[EventRounds "9"]
[EventCountry "FRA"]
[Source "Mark Crowther"]
[SourceDate "2009.07.13"]

1. d4 Nf6 2. c4 c5 3. d5 g6 4. Nc3 Bg7 5. e4 O-O 6. Nf3 d6 7. Be2 e6 8. O-O
exd5 9. cxd5 a6 10. a4 Bg4 11. Bf4 Nh5 12. Bg5 Bf6 13. Be3 Nd7 14. h3 Bxf3 15.
Bxf3 Ng7 16. Qc2 Bg5 17. Bxg5 Qxg5 18. Bg4 f5 19. exf5 Nxf5 20. Rfe1 Ng7 21.
Rf1 Qf6 22. f4 Rae8 23. Be2 Ra8 24. Qb3 Rfe8 25. Qc2 Re7 26. Rae1 Qg5 27. Ra1
Ree8 28. Bf3 Qd8 29. Be2 Nf6 30. Rfe1 Nd7 31. Rf1 Rf8 32. Qd2 1/2-1/2

[Event "Ch-Paris Int"]
[Site "Coubertin FRA"]
[Date "2009.07.05"]
[Round "2"]
[White "Ider, B."]
[Black "Del Rey, D."]
[Result "1-0"]
[WhiteElo "2234"]
[BlackElo "2420"]
[PlyCount "71"]
[EventDate "2009.07.04"]
[EventType "swiss"]
[EventRounds "9"]
[EventCountry "FRA"]
[Source "Mark Crowther"]
[SourceDate "2009.07.13"]

1. d4 Nf6 2. c4 c5 3. d5 e6 4. Nc3 exd5 5. cxd5 Bd6 6. Nf3 Bc7 7. e4 d6 8. h3
O-O 9. Bd3 a6 10. a4 Re8 11. O-O Nbd7 12. Bf4 Nf8 13. Bh2 Ng6 14. Nd2 Rb8 15.
f4 Bd7 16. Qe2 Ba5 17. Qf3 Bc7 18. Rae1 b5 19. axb5 Bxb5 20. Bc4 Nd7 21. Qd3
Ba5 22. Re2 Bxc3 23. bxc3 Qa5 24. Rfe1 f6 25. h4 Ngf8 26. e5 fxe5 27. fxe5 Nxe5
28. Bxe5 dxe5 29. d6+ Kh8 30. Rxe5 Rxe5 31. Rxe5 Qa1+ 32. Kh2 Qd1 33. Bxb5 axb5
34. d7 Rd8 35. Re8 Qg4 36. Rxf8+ 1-0

[Event "Ch-Paris Int"]
[Site "Coubertin FRA"]
[Date "2009.07.06"]
[Round "3"]
[White "Laurent, Ju"]
[Black "Suarez Pousa, D."]
[Result "1-0"]
[WhiteElo "2320"]
[BlackElo "2412"]
[PlyCount "38"]
[EventDate "2009.07.04"]
[EventType "swiss"]
[EventRounds "9"]
[EventCountry "FRA"]
[Source "Mark Crowther"]
[SourceDate "2009.07.13"]

1. d4 Nf6 2. c4 e6 3. Nc3 Bb4 4. Qc2 c5 5. dxc5 Na6 6. a3 Bxc3+ 7. Qxc3 Nxc5 8.
b4 Na4 9. Qc2 b5 10. cxb5 Nb6 11. Nf3 Bb7 12. e3 Rc8 13. Qd1 Qc7 14. Bb2 O-O
15. Bd3 Nc4 16. Bxf6 gxf6 17. Rc1 d5 18. Nd2 Qe5 19. Qg4+ Kh8 1-0

[Event "Ch-Paris Int"]
[Site "Coubertin FRA"]
[Date "2009.07.06"]
[Round "3"]
[White "Sorbe, S."]
[Black "Guliyev, N."]
[Result "1-0"]
[WhiteElo "2365"]
[BlackElo "2555"]
[PlyCount "99"]
[EventDate "2009.07.04"]
[EventType "swiss"]
[EventRounds "9"]
[EventCountry "FRA"]
[Source "Mark Crowther"]
[SourceDate "2009.07.13"]

1. e4 c5 2. Nc3 Nc6 3. g3 g6 4. Bg2 Bg7 5. d3 d6 6. f4 e6 7. Nf3 Nge7 8. O-O
O-O 9. Be3 b6 10. Bf2 Ba6 11. a4 Qd7 12. Re1 Rad8 13. d4 cxd4 14. Nxd4 Nxd4 15.
Bxd4 e5 16. Be3 Bc4 17. Qd2 Rfe8 18. Rad1 Qc7 19. Qf2 Qc6 20. f5 gxf5 21. exf5
d5 22. b3 Ba6 23. Nxd5 Nxd5 24. c4 Bxc4 25. bxc4 Qxc4 26. Rxd5 Rxd5 27. f6 Bf8
28. Rc1 Qxc1+ 29. Bxc1 Rd1+ 30. Bf1 Rxc1 31. Qf5 Bh6 32. Qh5 Be3+ 33. Kg2 Rc2+
34. Kf3 Rf2+ 35. Kxe3 Rxf6 36. Bh3 h6 37. Qg4+ Kf8 38. Qd7 e4 39. Bf5 a6 40. g4
a5 41. h4 Rfe6 42. Bxe6 Rxe6 43. Qd8+ Kg7 44. h5 Re5 45. Qxb6 f6 46. Qc7+ Kg8
47. Qd7 Rg5 48. Qe8+ Kg7 49. Qe7+ Kg8 50. Qxf6 1-0